LIBRARY & INFORMATION CENTRE, KCAET, TAVANUR

ONLINE PUBLIC ACCESS CATALOGUE (OPAC)

Guru Tegbahadur / (Record no. 7992)

MARC details
000 -LEADER
fixed length control field 00425cam a2200181ua 4500
041 ## - LANGUAGE CODE
Language code of text/sound track or separate title hin
082 ## - DEWEY DECIMAL CLASSIFICATION NUMBER
Classification number 891.54
Item number MYT/GU
100 ## - MAIN ENTRY--AUTHOR NAME
Personal name Mythilisharan, Gupta .
245 ## - TITLE STATEMENT
Title Guru Tegbahadur /
250 ## - EDITION STATEMENT
Edition statement 3 /
260 ## - PUBLICATION, DISTRIBUTION, ETC. (IMPRINT)
Place of publication :
Name of publisher Sahitya Sadan ,
Year of publication 1967.
300 ## - PHYSICAL DESCRIPTION
Number of Pages 27 ; .
942 ## - ADDED ENTRY ELEMENTS (KOHA)
Koha item type Books
Holdings
Withdrawn status Lost status Damaged status Home library Current library Date acquired Full call number Accession Number Koha item type Public note
Withdrawn     KAUAET Sanskrit University 07/04/2012 891.54 6299 Books Transferred to Sanskrit University
free website counter